| 000 | 00570nam a2200229 a 4500 | ||
|---|---|---|---|
| 001 | nice12345678 | ||
| 003 | IN_TiNIC | ||
| 005 | 20260116014254.0 | ||
| 008 | 080609s2002 luca grp 000 0 urd | ||
| 020 |
_a _c300 |
||
| 082 | 0 | 0 |
_a297.1248 _bBAL |
| 100 | _aBalkhi, Shaikh Sulaiman Husaini | ||
| 245 | _aYanabi-Ul-mawddah | ||
| 260 |
_aLucknow _bNizami Press _c2002 |
||
| 300 | _a816p | ||
| 500 | _aincludes index and biblioraphy | ||
| 650 | _aHadith-Shiah | ||
| 700 | 1 | _aBalkhi, Shaikh Sulaiman Husaini | |
| 902 | _bSRS | ||
| 942 | _cBK | ||
| 999 |
_c14594 _d14594 |
||